| 000 | 01448cam a2200133 4500500 | ||
|---|---|---|---|
| 005 | 20260405085600.0 | ||
| 041 | _afre | ||
| 042 | _adc | ||
| 100 | 1 | 0 |
_aNeveu, Érik _eauthor |
| 245 | 0 | 0 | _aSociologie politique des problèmes publics : Grand Débat national |
| 260 |
_bArmand Colin,
_c2022. |
||
| 520 | _aPourquoi certains problèmes suscitent-ils plus l’attention médiatique que d’autres ? Comment, à quel moment et pourquoi, un dossier ou un événement devient-il un "problème", dont on parle dans les débats sociaux, et que les politiques publiques décident de traiter ? Comment sont-ils définis ? Comment les mettre en récit pour qu’ils soient au diapason des sensibilités sociales ? Qui en sont les entrepreneurs (think tanks, haut-fonctionnaires, mouvements sociaux) ? Comment sont-ils relayés (ou non) par des politiques publiques ? Ce manuel, sans équivalent sur le marché, restitue dans un langage clair le cadre théorique du sujet et vient répondre à l'ensemble de ces questions.Assorti de nombreux exemples concrets ancrés dans l'actualité (passe sanitaire, retraites, réchauffement climatique) et d'outils théoriques, la nouvelle édition de cet ouvrage aide à penser comment s’alimentent nos conversations, les « Unes » des médias et l’agenda des politiques. | ||
| 856 | 4 | 1 | _uhttps://shs.cairn.info/sociologie-politique-des-problemes-publics--9782200633301?lang=fr&redirect-ssocas=7080 |
| 999 |
_c2198728 _d2198728 |
||